000 00387 a2200133 4500
003 Nust
005 20170207161248.0
040 _cNust
082 _a799
245 _aInspection ADM Team B Visit MCS Photograps-2013 (Softcopy)
_cMCS
260 _aRawalpindi
_bMCS
_c19-03-2013
650 _aPictures of Inspection ADM Team B Visit MCS Photograps-2013 (CD-No-23,Vol-II)
651 _aSweet Memories-MCS
942 _cBK
999 _c203462
_d203462